[Event "Rapid Tournament (RAP)"]
[Site "Biel, CH"]
[Date "2025.07.13"]
[Round "2"]
[White "Rajendran, Ishaan"]
[Black "Gruenfeld, Yehuda"]
[Result "0-1"]
[Board "38"]
[WhiteFideId "39910032"]
[BlackFideId "2800020"]
[BlackTitle "GM"]
[WhiteElo "1725"]
[BlackElo "2308"]
[WhiteTeam "USA"]
[BlackTeam "ISR"]
[WhiteClock "0:02:05"]
[BlackClock "0:10:27"]
[Variant "Standard"]

1. d4 {[%clk 0:15:08]}  Nf6 {[%clk 0:15:09]} 2. Bf4 {[%clk 0:15:11]}  g6 {[%clk 0:15:13]} 3. Nc3 {[%clk 0:15:14]}  d5 {[%clk 0:15:07]} 4. Nf3 {[%clk 0:15:15]}  Bg7 {[%clk 0:15:11]} 5. Nb5 {[%clk 0:15:19]}  Na6 {[%clk 0:15:15]} 6. e3 {[%clk 0:15:21]}  O-O {[%clk 0:15:18]} 7. h3 {[%clk 0:15:26]}  Ne4 {[%clk 0:15:03]} 8. Be2 {[%clk 0:15:20]}  c6 {[%clk 0:14:44]} 9. Nc3 {[%clk 0:15:23]}  Qa5 {[%clk 0:14:36]} 10. Bxa6 {[%clk 0:14:01]}  Qxa6 {[%clk 0:13:58]} 11. Qd3 {[%clk 0:13:48]}  Qa5 {[%clk 0:13:32]} 12. O-O {[%clk 0:13:45]}  Bf5 {[%clk 0:12:36]} 13. Nxe4 {[%clk 0:13:41]}  dxe4 {[%clk 0:12:40]} 14. Qd2 {[%clk 0:13:22]}  Qd5 {[%clk 0:12:13]} 15. Ne5 {[%clk 0:13:15]}  g5 {[%clk 0:11:32]} 16. c4 {[%clk 0:12:50]}  Qd8 {[%clk 0:11:34]} 17. Bh2 {[%clk 0:11:18]}  f6 {[%clk 0:11:37]} 18. Ng4 {[%clk 0:06:49]}  h5 {[%clk 0:11:39]} 19. f4 {[%clk 0:06:12]}  hxg4 {[%clk 0:11:36]} 20. fxg5 {[%clk 0:06:14]}  fxg5 {[%clk 0:11:34]} 21. hxg4 {[%clk 0:05:48]}  Bxg4 {[%clk 0:11:36]} 22. Qb4 {[%clk 0:05:46]}  Qd7 {[%clk 0:11:35]} 23. d5 {[%clk 0:05:12]}  Be2 {[%clk 0:11:18]} 24. Rxf8+ {[%clk 0:04:41]}  Rxf8 {[%clk 0:11:21]} 25. dxc6 {[%clk 0:04:42]}  bxc6 {[%clk 0:11:23]} 26. c5 {[%clk 0:04:15]}  Qf5 {[%clk 0:11:20]} 27. Bg3 {[%clk 0:03:53]}  Qg4 {[%clk 0:11:16]} 28. Re1 {[%clk 0:03:33]}  Bf3 {[%clk 0:10:43]} 29. Kh2 {[%clk 0:02:48]}  Be5 {[%clk 0:10:36]} 30. Qc4+ {[%clk 0:02:05]}  Rf7 {[%clk 0:10:27]} 0-1

[Event "Rapid Tournament (RAP)"]
[Site "Biel, CH"]
[Date "2025.07.13"]
[Round "2"]
[White "El-Mais, Ibaa"]
[Black "von Burg, Carl Alexander"]
[Result "1-0"]
[Board "39"]
[WhiteFideId "1312715"]
[BlackFideId "1352458"]
[WhiteElo "2140"]
[BlackElo "1726"]
[WhiteTeam "SUI"]
[BlackTeam "SUI"]
[WhiteClock "0:06:37"]
[BlackClock "0:03:07"]
[Variant "Standard"]

1. d4 {[%clk 0:15:07]}  Nf6 {[%clk 0:15:09]} 2. Nf3 {[%clk 0:15:10]}  g6 {[%clk 0:15:09]} 3. c4 {[%clk 0:15:07]}  Bg7 {[%clk 0:15:12]} 4. Nc3 {[%clk 0:15:11]}  d5 {[%clk 0:15:15]} 5. Bg5 {[%clk 0:15:13]}  Ne4 {[%clk 0:15:18]} 6. Bh4 {[%clk 0:15:17]}  Nxc3 {[%clk 0:15:19]} 7. bxc3 {[%clk 0:15:20]}  dxc4 {[%clk 0:15:21]} 8. Qa4+ {[%clk 0:15:23]}  Nd7 {[%clk 0:14:43]} 9. Qxc4 {[%clk 0:15:17]}  O-O {[%clk 0:14:43]} 10. e3 {[%clk 0:15:19]}  c5 {[%clk 0:13:51]} 11. Be2 {[%clk 0:15:10]}  cxd4 {[%clk 0:13:36]} 12. exd4 {[%clk 0:14:47]}  Re8 {[%clk 0:12:43]} 13. O-O {[%clk 0:13:48]}  Qa5 {[%clk 0:12:17]} 14. Qb3 {[%clk 0:12:49]}  e5 {[%clk 0:12:00]} 15. Bc4 {[%clk 0:12:18]}  Rf8 {[%clk 0:10:12]} 16. Bxf7+ {[%clk 0:11:49]}  Kh8 {[%clk 0:08:06]} 17. Be7 {[%clk 0:11:46]}  exd4 {[%clk 0:07:15]} 18. cxd4 {[%clk 0:11:10]}  Nf6 {[%clk 0:05:27]} 19. Bxf8 {[%clk 0:10:20]}  Bxf8 {[%clk 0:05:31]} 20. Be6 {[%clk 0:10:16]}  b6 {[%clk 0:05:23]} 21. Bxc8 {[%clk 0:10:18]}  Rxc8 {[%clk 0:05:22]} 22. Qe6 {[%clk 0:10:18]}  Qf5 {[%clk 0:05:20]} 23. Qxf5 {[%clk 0:10:19]}  gxf5 {[%clk 0:05:23]} 24. Rac1 {[%clk 0:10:21]}  Rd8 {[%clk 0:05:14]} 25. Rc7 {[%clk 0:10:13]}  a5 {[%clk 0:04:46]} 26. Rfc1 {[%clk 0:09:20]}  Nd5 {[%clk 0:04:23]} 27. Rc8 {[%clk 0:09:23]}  Rxc8 {[%clk 0:04:20]} 28. Rxc8 {[%clk 0:09:27]}  Kg7 {[%clk 0:04:17]} 29. Rd8 {[%clk 0:08:17]}  Nb4 {[%clk 0:04:19]} 30. a4 {[%clk 0:07:58]}  Be7 {[%clk 0:03:49]} 31. Rd7 {[%clk 0:07:56]}  Kf6 {[%clk 0:03:49]} 32. Ne5 {[%clk 0:07:56]}  Ke6 {[%clk 0:03:01]} 33. Rb7 {[%clk 0:07:29]}  Nd5 {[%clk 0:03:37]} 34. Nc4 {[%clk 0:07:17]}  Bd8 {[%clk 0:03:19]} 35. Rxh7 {[%clk 0:07:20]}  Nc3 {[%clk 0:03:23]} 36. Nxb6 {[%clk 0:07:12]}  Bxb6 {[%clk 0:03:14]} 37. Rh6+ {[%clk 0:07:16]}  Kd5 {[%clk 0:03:18]} 38. Rxb6 {[%clk 0:07:19]}  Nxa4 {[%clk 0:02:56]} 39. Rb5+ {[%clk 0:07:21]}  Kxd4 {[%clk 0:02:58]} 40. Rxf5 {[%clk 0:07:18]}  Nc5 {[%clk 0:02:15]} 41. Rf8 {[%clk 0:06:33]}  a4 {[%clk 0:03:00]} 42. Ra8 {[%clk 0:06:37]}  Kc4 {[%clk 0:02:57]} 43. h4 {[%clk 0:06:38]}  Kb4 {[%clk 0:02:59]} 44. h5 {[%clk 0:06:37]}  a3 {[%clk 0:03:03]} 45. Rxa3 {[%clk 0:06:33]}  Kxa3 {[%clk 0:03:07]} 46. h6 {[%clk 0:06:37]} 1-0

[Event "Rapid Tournament (RAP)"]
[Site "Biel, CH"]
[Date "2025.07.13"]
[Round "2"]
[White "Sadeghi, Hassan Roger"]
[Black "Paholok, Igor"]
[Result "1-0"]
[Board "40"]
[WhiteFideId "1304712"]
[BlackFideId "1338951"]
[WhiteTitle "CM"]
[WhiteElo "2068"]
[BlackElo "1765"]
[WhiteTeam "SUI"]
[BlackTeam "SUI"]
[WhiteClock "0:00:38"]
[BlackClock "0:00:00"]
[Variant "Standard"]

1. Nc3 {[%clk 0:15:09]}  e6 {[%clk 0:15:08]} 2. e4 {[%clk 0:15:12]}  d5 {[%clk 0:15:05]} 3. Nf3 {[%clk 0:15:15]}  b6 {[%clk 0:14:53]} 4. d4 {[%clk 0:14:53]}  Bb7 {[%clk 0:14:30]} 5. exd5 {[%clk 0:14:40]}  exd5 {[%clk 0:14:33]} 6. Bd3 {[%clk 0:14:26]}  Nf6 {[%clk 0:13:30]} 7. O-O {[%clk 0:14:20]}  Be7 {[%clk 0:13:33]} 8. Ne5 {[%clk 0:12:58]}  O-O {[%clk 0:13:07]} 9. Qf3 {[%clk 0:12:58]}  Nc6 {[%clk 0:12:03]} 10. Nxc6 {[%clk 0:12:48]}  Bxc6 {[%clk 0:12:02]} 11. a3 {[%clk 0:11:45]}  Bd7 {[%clk 0:12:00]} 12. Nxd5 {[%clk 0:11:36]}  Nxd5 {[%clk 0:11:39]} 13. Qxd5 {[%clk 0:11:38]}  c6 {[%clk 0:10:42]} 14. Qf3 {[%clk 0:10:57]}  Bd6 {[%clk 0:10:11]} 15. Bf4 {[%clk 0:08:42]}  Qf6 {[%clk 0:09:14]} 16. Bxd6 {[%clk 0:08:32]}  Qxd6 {[%clk 0:09:18]} 17. Rad1 {[%clk 0:08:22]}  Rfe8 {[%clk 0:08:43]} 18. Qg3 {[%clk 0:07:31]}  Qf6 {[%clk 0:08:17]} 19. c3 {[%clk 0:05:55]}  Re7 {[%clk 0:07:47]} 20. Rfe1 {[%clk 0:05:11]}  Rae8 {[%clk 0:07:13]} 21. f3 {[%clk 0:05:13]}  Be6 {[%clk 0:05:17]} 22. Qd6 {[%clk 0:03:57]}  Rc8 {[%clk 0:05:14]} 23. Re2 {[%clk 0:03:39]}  Rd7 {[%clk 0:04:53]} 24. Qe5 {[%clk 0:02:51]}  Qh6 {[%clk 0:04:36]} 25. Rde1 {[%clk 0:02:32]}  Rd5 {[%clk 0:04:27]} 26. Qe3 {[%clk 0:02:22]}  Qf6 {[%clk 0:03:55]} 27. Be4 {[%clk 0:02:15]}  Rh5 {[%clk 0:03:32]} 28. Bd3 {[%clk 0:01:40]}  Qh4 {[%clk 0:03:16]} 29. g3 {[%clk 0:01:28]}  Qf6 {[%clk 0:02:57]} 30. Qf2 {[%clk 0:01:15]}  Rg5 {[%clk 0:02:10]} 31. Re5 {[%clk 0:01:18]}  h5 {[%clk 0:01:39]} 32. Rxg5 {[%clk 0:00:48]}  Qxg5 {[%clk 0:01:41]} 33. Re5 {[%clk 0:00:46]}  Qc1+ {[%clk 0:01:23]} 34. Kg2 {[%clk 0:00:50]}  g6 {[%clk 0:01:27]} 35. Bxg6 {[%clk 0:00:46]}  fxg6 {[%clk 0:00:56]} 36. Rxe6 {[%clk 0:00:50]}  Kg7 {[%clk 0:00:49]} 37. Qe2 {[%clk 0:00:50]}  c5 {[%clk 0:00:41]} 38. d5 {[%clk 0:00:51]}  Rf8 {[%clk 0:00:25]} 39. d6 {[%clk 0:00:49]}  Qg5 {[%clk 0:00:21]} 40. Re7+ {[%clk 0:00:32]}  Rf7 {[%clk 0:00:18]} 41. Rxf7+ {[%clk 0:00:13]}  Kxf7 {[%clk 0:00:21]} 42. d7 {[%clk 0:00:17]}  Qd8 {[%clk 0:00:20]} 43. Qe8+ {[%clk 0:00:19]}  Qxe8 {[%clk 0:00:21]} 44. dxe8=Q+ {[%clk 0:00:22]}  Kxe8 {[%clk 0:00:25]} 45. f4 {[%clk 0:00:25]}  Kf7 {[%clk 0:00:24]} 46. Kf3 {[%clk 0:00:29]}  Ke6 {[%clk 0:00:23]} 47. Ke4 {[%clk 0:00:34]}  a6 {[%clk 0:00:15]} 48. c4 {[%clk 0:00:31]}  Kd6 {[%clk 0:00:09]} 49. h3 {[%clk 0:00:29]}  Ke6 {[%clk 0:00:12]} 50. g4 {[%clk 0:00:33]}  hxg4 {[%clk 0:00:14]} 51. hxg4 {[%clk 0:00:37]}  Kd6 {[%clk 0:00:14]} 52. f5 {[%clk 0:00:38]}  gxf5+ {[%clk 0:00:16]} 53. Kxf5 {[%clk 0:00:41]}  b5 {[%clk 0:00:18]} 54. b3 {[%clk 0:00:38]}  Kc6 {[%clk 0:00:00]} 55. g5 {[%clk 0:00:36]}  a5 {[%clk 0:00:00]} 56. cxb5+ {[%clk 0:00:38]} 1-0

[Event "Rapid Tournament (RAP)"]
[Site "Biel, CH"]
[Date "2025.07.13"]
[Round "2"]
[White "Grzeskowiak, Antoni"]
[Black "Drechsler, Christoph"]
[Result "1/2-1/2"]
[Board "41"]
[WhiteFideId "41855531"]
[BlackFideId "1305280"]
[WhiteElo "1801"]
[BlackElo "2067"]
[WhiteTeam "POL"]
[BlackTeam "SUI"]
[WhiteClock "0:00:35"]
[BlackClock "0:00:34"]
[Variant "Standard"]

1. d4 {[%clk 0:15:08]}  d5 {[%clk 0:15:09]} 2. Nf3 {[%clk 0:15:11]}  Nf6 {[%clk 0:15:14]} 3. Bf4 {[%clk 0:15:19]}  e6 {[%clk 0:15:23]} 4. e3 {[%clk 0:15:22]}  Bd6 {[%clk 0:15:26]} 5. Bg3 {[%clk 0:15:19]}  O-O {[%clk 0:15:29]} 6. c3 {[%clk 0:15:22]}  c5 {[%clk 0:15:33]} 7. Bd3 {[%clk 0:15:21]}  Qc7 {[%clk 0:15:36]} 8. O-O {[%clk 0:15:20]}  Bxg3 {[%clk 0:15:21]} 9. hxg3 {[%clk 0:15:23]}  Nbd7 {[%clk 0:15:23]} 10. Nbd2 {[%clk 0:15:23]}  e5 {[%clk 0:15:25]} 11. dxe5 {[%clk 0:15:21]}  Nxe5 {[%clk 0:15:29]} 12. Nxe5 {[%clk 0:15:12]}  Qxe5 {[%clk 0:15:15]} 13. Re1 {[%clk 0:14:55]}  b6 {[%clk 0:15:03]} 14. e4 {[%clk 0:15:01]}  Bb7 {[%clk 0:14:56]} 15. Nf3 {[%clk 0:14:44]}  Qh5 {[%clk 0:14:34]} 16. exd5 {[%clk 0:14:43]}  Bxd5 {[%clk 0:14:12]} 17. Ne5 {[%clk 0:13:42]}  Qg5 {[%clk 0:12:27]} 18. c4 {[%clk 0:13:45]}  Bb7 {[%clk 0:12:30]} 19. Qc2 {[%clk 0:13:36]}  Rad8 {[%clk 0:12:03]} 20. Rad1 {[%clk 0:13:21]}  h6 {[%clk 0:11:50]} 21. a3 {[%clk 0:12:54]}  Rd4 {[%clk 0:11:24]} 22. Nf3 {[%clk 0:12:28]}  Bxf3 {[%clk 0:11:34]} 23. gxf3 {[%clk 0:12:32]}  Rfd8 {[%clk 0:10:32]} 24. Be2 {[%clk 0:12:31]}  Qe5 {[%clk 0:10:14]} 25. Kg2 {[%clk 0:10:57]}  Rxd1 {[%clk 0:09:40]} 26. Rxd1 {[%clk 0:10:51]}  Rxd1 {[%clk 0:09:41]} 27. Bxd1 {[%clk 0:10:40]}  Qd4 {[%clk 0:09:23]} 28. Be2 {[%clk 0:10:06]}  g5 {[%clk 0:09:22]} 29. b4 {[%clk 0:09:50]}  Nd7 {[%clk 0:09:00]} 30. Qf5 {[%clk 0:09:36]}  Ne5 {[%clk 0:08:20]} 31. Qf6 {[%clk 0:07:28]}  Ng6 {[%clk 0:07:05]} 32. Qf5 {[%clk 0:06:42]}  Kg7 {[%clk 0:06:42]} 33. Bd3 {[%clk 0:06:36]}  Qe5 {[%clk 0:06:05]} 34. Qc8 {[%clk 0:06:01]}  Nf8 {[%clk 0:05:35]} 35. Qb7 {[%clk 0:06:07]}  Qd6 {[%clk 0:05:29]} 36. Bf1 {[%clk 0:04:57]}  cxb4 {[%clk 0:05:24]} 37. axb4 {[%clk 0:05:07]}  Qxb4 {[%clk 0:05:23]} 38. Qxa7 {[%clk 0:05:09]}  Ne6 {[%clk 0:05:02]} 39. Qa1+ {[%clk 0:04:50]}  Kg8 {[%clk 0:03:57]} 40. Qf6 {[%clk 0:04:46]}  Qf8 {[%clk 0:04:01]} 41. Bd3 {[%clk 0:04:43]}  Qg7 {[%clk 0:04:02]} 42. Qe7 {[%clk 0:04:20]}  Qe5 {[%clk 0:03:21]} 43. Qb4 {[%clk 0:03:53]}  Qc5 {[%clk 0:03:21]} 44. Qa4 {[%clk 0:03:53]}  Qd4 {[%clk 0:03:11]} 45. Bf5 {[%clk 0:03:00]}  Nc5 {[%clk 0:03:05]} 46. Qc6 {[%clk 0:03:27]}  Kg7 {[%clk 0:02:15]} 47. Qb5 {[%clk 0:03:27]}  Nb7 {[%clk 0:02:07]} 48. Qc6 {[%clk 0:03:07]}  Nd6 {[%clk 0:02:02]} 49. Bg4 {[%clk 0:03:06]}  Nxc4 {[%clk 0:02:03]} 50. Bh5 {[%clk 0:02:45]}  Qc5 {[%clk 0:01:43]} 51. Qb7 {[%clk 0:02:22]}  Qf5 {[%clk 0:01:17]} 52. Qc7 {[%clk 0:01:55]}  Qe6 {[%clk 0:01:04]} 53. Bg4 {[%clk 0:01:47]}  Qd5 {[%clk 0:01:09]} 54. Qc8 {[%clk 0:01:43]}  Ne5 {[%clk 0:01:05]} 55. Bh5 {[%clk 0:01:25]}  Qe6 {[%clk 0:01:01]} 56. Qb8 {[%clk 0:01:17]}  Qf6 {[%clk 0:00:56]} 57. Qb7 {[%clk 0:01:11]}  g4 {[%clk 0:00:30]} 58. Bxg4 {[%clk 0:00:46]}  Nxg4 {[%clk 0:00:34]} 59. fxg4 {[%clk 0:00:50]}  Qd4 {[%clk 0:00:38]} 60. Qc6 {[%clk 0:00:38]}  Qc5 {[%clk 0:00:30]} 61. Qa4 {[%clk 0:00:35]}  b5 {[%clk 0:00:28]} 62. Qa1+ {[%clk 0:00:39]}  f6 {[%clk 0:00:26]} 63. Qa6 {[%clk 0:00:35]}  Kf7 {[%clk 0:00:21]} 64. Qb7+ {[%clk 0:00:25]}  Ke6 {[%clk 0:00:25]} 65. Qe4+ {[%clk 0:00:27]}  Kd6 {[%clk 0:00:22]} 66. Qg6 {[%clk 0:00:29]}  Qe5 {[%clk 0:00:14]} 67. Qxh6 {[%clk 0:00:29]}  Qe4+ {[%clk 0:00:16]} 68. Kh2 {[%clk 0:00:31]}  Qf3 {[%clk 0:00:19]} 69. Kg1 {[%clk 0:00:24]}  Kc5 {[%clk 0:00:19]} 70. Qf8+ {[%clk 0:00:19]}  Kc4 {[%clk 0:00:22]} 71. Qc8+ {[%clk 0:00:21]}  Kb3 {[%clk 0:00:25]} 72. Qe6+ {[%clk 0:00:23]}  Ka3 {[%clk 0:00:24]} 73. Qa6+ {[%clk 0:00:25]}  Kb4 {[%clk 0:00:28]} 74. Qd6+ {[%clk 0:00:28]}  Ka4 {[%clk 0:00:28]} 75. Qa6+ {[%clk 0:00:32]}  Kb4 {[%clk 0:00:30]} 76. Qd6+ {[%clk 0:00:35]}  Ka4 {[%clk 0:00:34]} 1/2-1/2

[Event "Rapid Tournament (RAP)"]
[Site "Biel, CH"]
[Date "2025.07.13"]
[Round "2"]
[White "Keusch, Patrice"]
[Black "Buerki, Gilles"]
[Result "0-1"]
[Board "44"]
[WhiteFideId "1352474"]
[BlackFideId "1313541"]
[WhiteElo "1686"]
[BlackElo "1879"]
[WhiteTeam "SUI"]
[BlackTeam "SUI"]
[WhiteClock "0:01:16"]
[BlackClock "0:03:56"]
[Variant "Standard"]

1. Nf3 {[%clk 0:15:09]}  Nf6 {[%clk 0:15:08]} 2. g3 {[%clk 0:15:13]}  b6 {[%clk 0:15:04]} 3. Bg2 {[%clk 0:15:16]}  Bb7 {[%clk 0:15:08]} 4. O-O {[%clk 0:15:17]}  e6 {[%clk 0:15:03]} 5. d4 {[%clk 0:15:03]}  c5 {[%clk 0:14:17]} 6. c4 {[%clk 0:14:20]}  cxd4 {[%clk 0:14:38]} 7. Nxd4 {[%clk 0:14:17]}  Bxg2 {[%clk 0:14:40]} 8. Kxg2 {[%clk 0:13:21]}  Qc7 {[%clk 0:13:30]} 9. b3 {[%clk 0:12:09]}  Be7 {[%clk 0:13:26]} 10. Ba3 {[%clk 0:11:01]}  Bc5 {[%clk 0:12:36]} 11. Bxc5 {[%clk 0:11:45]}  Qxc5 {[%clk 0:12:02]} 12. Nb5 {[%clk 0:08:41]}  a6 {[%clk 0:11:09]} 13. Nd4 {[%clk 0:07:46]}  O-O {[%clk 0:09:46]} 14. Qd3 {[%clk 0:06:40]}  d5 {[%clk 0:08:59]} 15. cxd5 {[%clk 0:06:20]}  Qxd5+ {[%clk 0:09:58]} 16. Kg1 {[%clk 0:05:53]}  Rd8 {[%clk 0:09:39]} 17. Rd1 {[%clk 0:04:11]}  Qc5 {[%clk 0:07:55]} 18. Qf3 {[%clk 0:02:58]}  Rxd4 {[%clk 0:07:11]} 19. Rxd4 {[%clk 0:02:25]}  Qxd4 {[%clk 0:04:46]} 20. Qxa8 {[%clk 0:02:28]}  Nfd7 {[%clk 0:04:48]} 21. Qb7 {[%clk 0:02:13]}  Qxa1 {[%clk 0:04:42]} 22. Qc8+ {[%clk 0:02:15]}  Nf8 {[%clk 0:04:43]} 23. Qc2 {[%clk 0:00:49]}  Nbd7 {[%clk 0:04:24]} 24. Kg2 {[%clk 0:00:39]}  Qd4 {[%clk 0:04:14]} 25. Nd2 {[%clk 0:00:19]}  Qc5 {[%clk 0:04:01]} 26. Qd3 {[%clk 0:01:16]}  Qd5+ {[%clk 0:03:56]} 0-1

[Event "Rapid Tournament (RAP)"]
[Site "Biel, CH"]
[Date "2025.07.13"]
[Round "2"]
[White "Schaller, Didier"]
[Black "Knuesel, Jolan"]
[Result "1-0"]
[Board "45"]
[WhiteFideId "1314351"]
[BlackFideId "1364529"]
[WhiteElo "1854"]
[BlackElo "1600"]
[WhiteTeam "SUI"]
[BlackTeam "SUI"]
[WhiteClock "0:01:21"]
[BlackClock "0:00:32"]
[Variant "Standard"]

1. d4 {[%clk 0:15:07]}  Nf6 {[%clk 0:15:06]} 2. c4 {[%clk 0:15:08]}  g6 {[%clk 0:15:08]} 3. Nc3 {[%clk 0:15:06]}  d5 {[%clk 0:15:12]} 4. Qb3 {[%clk 0:13:48]}  e6 {[%clk 0:14:26]} 5. Nf3 {[%clk 0:13:50]}  Bg7 {[%clk 0:14:27]} 6. Bg5 {[%clk 0:13:42]}  dxc4 {[%clk 0:13:51]} 7. Qxc4 {[%clk 0:13:39]}  O-O {[%clk 0:13:38]} 8. e3 {[%clk 0:13:40]}  b6 {[%clk 0:12:59]} 9. Be2 {[%clk 0:13:42]}  Ba6 {[%clk 0:12:42]} 10. Qb3 {[%clk 0:13:42]}  Bxe2 {[%clk 0:12:36]} 11. Nxe2 {[%clk 0:13:45]}  Qd5 {[%clk 0:12:09]} 12. Qc2 {[%clk 0:12:40]}  Ne4 {[%clk 0:10:23]} 13. Nc3 {[%clk 0:08:58]}  Nxc3 {[%clk 0:10:12]} 14. Qxc3 {[%clk 0:09:00]}  c5 {[%clk 0:10:05]} 15. Bh4 {[%clk 0:06:57]}  Nc6 {[%clk 0:09:46]} 16. Rd1 {[%clk 0:06:45]}  cxd4 {[%clk 0:09:00]} 17. exd4 {[%clk 0:06:25]}  Qe4+ {[%clk 0:06:09]} 18. Qe3 {[%clk 0:06:10]}  Qxe3+ {[%clk 0:04:34]} 19. fxe3 {[%clk 0:06:14]}  Nb4 {[%clk 0:04:30]} 20. Be7 {[%clk 0:05:38]}  Nxa2 {[%clk 0:03:54]} 21. Bxf8 {[%clk 0:05:42]}  Rxf8 {[%clk 0:03:50]} 22. Ra1 {[%clk 0:05:43]}  Nb4 {[%clk 0:03:53]} 23. Rxa7 {[%clk 0:05:44]}  Nd3+ {[%clk 0:03:05]} 24. Ke2 {[%clk 0:05:14]}  Nxb2 {[%clk 0:03:03]} 25. Rb1 {[%clk 0:05:11]}  Nc4 {[%clk 0:02:48]} 26. Rc7 {[%clk 0:04:59]}  Nd6 {[%clk 0:02:09]} 27. Rxb6 {[%clk 0:04:49]}  Nf5 {[%clk 0:01:49]} 28. h3 {[%clk 0:04:51]}  Ra8 {[%clk 0:01:14]} 29. Rbc6 {[%clk 0:02:51]}  h5 {[%clk 0:00:28]} 30. Rc8+ {[%clk 0:02:41]}  Rxc8 {[%clk 0:00:31]} 31. Rxc8+ {[%clk 0:02:45]}  Bf8 {[%clk 0:00:24]} 32. Ne5 {[%clk 0:02:30]}  Kg7 {[%clk 0:00:22]} 33. Rc7 {[%clk 0:02:12]}  Nd6 {[%clk 0:00:18]} 34. Rc6 {[%clk 0:02:10]}  Nf5 {[%clk 0:00:18]} 35. g4 {[%clk 0:02:04]}  hxg4 {[%clk 0:00:21]} 36. hxg4 {[%clk 0:02:08]}  Ne7 {[%clk 0:00:10]} 37. Rc7 {[%clk 0:01:55]}  Kf6 {[%clk 0:00:12]} 38. Kf3 {[%clk 0:01:48]}  Kg7 {[%clk 0:00:13]} 39. g5 {[%clk 0:01:23]}  Kg8 {[%clk 0:00:10]} 40. Ng4 {[%clk 0:01:17]}  Nd5 {[%clk 0:00:11]} 41. Nf6+ {[%clk 0:01:14]}  Nxf6 {[%clk 0:00:15]} 42. gxf6 {[%clk 0:01:17]}  Bd6 {[%clk 0:00:17]} 43. Rc8+ {[%clk 0:01:20]}  Kh7 {[%clk 0:00:21]} 44. Ke4 {[%clk 0:01:21]}  g5 {[%clk 0:00:17]} 45. Kf3 {[%clk 0:01:22]}  Kg6 {[%clk 0:00:21]} 46. e4 {[%clk 0:01:27]}  Kxf6 {[%clk 0:00:24]} 47. e5+ {[%clk 0:01:31]}  Bxe5 {[%clk 0:00:22]} 48. dxe5+ {[%clk 0:01:31]}  Kxe5 {[%clk 0:00:25]} 49. Rc5+ {[%clk 0:01:30]}  Kf6 {[%clk 0:00:29]} 50. Kg4 {[%clk 0:01:19]}  e5 {[%clk 0:00:32]} 51. Rc6+ {[%clk 0:01:21]} 1-0

[Event "Rapid Tournament (RAP)"]
[Site "Biel, CH"]
[Date "2025.07.13"]
[Round "2"]
[White "Bai, Xue"]
[Black "Gillieron, Kevin (13882)"]
[Result "1-0"]
[Board "46"]
[WhiteFideId "8608717"]
[BlackFideId "1357778"]
[WhiteElo "2035"]
[BlackElo "1729"]
[WhiteTeam "CHN"]
[BlackTeam "SUI"]
[WhiteClock "0:06:58"]
[BlackClock "0:00:10"]
[Variant "Standard"]

1. e4 {[%clk 0:15:07]}  c6 {[%clk 0:15:09]} 2. d4 {[%clk 0:15:09]}  d5 {[%clk 0:15:12]} 3. Nc3 {[%clk 0:15:13]}  dxe4 {[%clk 0:15:16]} 4. Nxe4 {[%clk 0:15:16]}  Nf6 {[%clk 0:15:19]} 5. Nxf6+ {[%clk 0:15:17]}  exf6 {[%clk 0:15:22]} 6. Bc4 {[%clk 0:15:17]}  Bd6 {[%clk 0:15:23]} 7. Be3 {[%clk 0:15:18]}  O-O {[%clk 0:15:23]} 8. Ne2 {[%clk 0:15:17]}  Re8 {[%clk 0:15:25]} 9. Qd2 {[%clk 0:15:20]}  Bf5 {[%clk 0:14:44]} 10. h3 {[%clk 0:15:15]}  b5 {[%clk 0:14:20]} 11. Bd3 {[%clk 0:15:11]}  Bxd3 {[%clk 0:14:22]} 12. Qxd3 {[%clk 0:15:14]}  Nd7 {[%clk 0:14:15]} 13. a4 {[%clk 0:14:43]}  a6 {[%clk 0:12:16]} 14. axb5 {[%clk 0:14:25]}  axb5 {[%clk 0:11:11]} 15. O-O {[%clk 0:14:23]}  Nf8 {[%clk 0:10:49]} 16. g3 {[%clk 0:13:26]}  Qd7 {[%clk 0:10:19]} 17. Kg2 {[%clk 0:13:24]}  Ng6 {[%clk 0:10:05]} 18. b3 {[%clk 0:13:13]}  h5 {[%clk 0:09:01]} 19. c4 {[%clk 0:12:55]}  bxc4 {[%clk 0:08:35]} 20. bxc4 {[%clk 0:12:58]}  h4 {[%clk 0:08:35]} 21. g4 {[%clk 0:12:57]}  Bc7 {[%clk 0:08:19]} 22. f4 {[%clk 0:12:29]}  Nf8 {[%clk 0:06:33]} 23. Kf3 {[%clk 0:12:09]}  Bb6 {[%clk 0:04:36]} 24. Rfb1 {[%clk 0:11:27]}  Rxa1 {[%clk 0:04:11]} 25. Rxa1 {[%clk 0:11:30]}  Qb7 {[%clk 0:03:46]} 26. Rb1 {[%clk 0:11:10]}  Qc7 {[%clk 0:02:14]} 27. Nc3 {[%clk 0:10:44]}  Rd8 {[%clk 0:01:51]} 28. Qe4 {[%clk 0:09:50]}  Ne6 {[%clk 0:01:38]} 29. Rd1 {[%clk 0:08:37]}  Re8 {[%clk 0:01:01]} 30. Kf2 {[%clk 0:08:03]}  Rb8 {[%clk 0:00:32]} 31. Ne2 {[%clk 0:07:38]}  Ba5 {[%clk 0:00:28]} 32. d5 {[%clk 0:07:31]}  cxd5 {[%clk 0:00:24]} 33. cxd5 {[%clk 0:07:25]}  Nc5 {[%clk 0:00:20]} 34. Qc4 {[%clk 0:07:01]}  Rb4 {[%clk 0:00:10]} 35. Qxc5 {[%clk 0:06:58]} 1-0

[Event "Rapid Tournament (RAP)"]
[Site "Biel, CH"]
[Date "2025.07.13"]
[Round "2"]
[White "Laub, Patrick"]
[Black "Haag, Walter"]
[Result "1-0"]
[Board "47"]
[WhiteFideId "1302566"]
[BlackFideId "1332988"]
[WhiteElo "2018"]
[BlackElo "1722"]
[WhiteTeam "SUI"]
[BlackTeam "SUI"]
[WhiteClock "0:09:17"]
[BlackClock "0:05:01"]
[Variant "Standard"]

1. e4 {[%clk 0:15:08]}  e5 {[%clk 0:15:08]} 2. Nf3 {[%clk 0:15:10]}  Nc6 {[%clk 0:15:11]} 3. d3 {[%clk 0:15:13]}  Nf6 {[%clk 0:15:08]} 4. Be2 {[%clk 0:15:10]}  Be7 {[%clk 0:15:10]} 5. O-O {[%clk 0:15:11]}  O-O {[%clk 0:15:13]} 6. Nbd2 {[%clk 0:15:14]}  d6 {[%clk 0:15:03]} 7. c3 {[%clk 0:15:17]}  Be6 {[%clk 0:14:54]} 8. Ng5 {[%clk 0:14:46]}  h6 {[%clk 0:14:32]} 9. Nxe6 {[%clk 0:14:47]}  fxe6 {[%clk 0:14:35]} 10. Qb3 {[%clk 0:14:44]}  Qc8 {[%clk 0:14:25]} 11. Nf3 {[%clk 0:14:45]}  b6 {[%clk 0:14:10]} 12. g3 {[%clk 0:14:30]}  Kh7 {[%clk 0:14:00]} 13. Nh4 {[%clk 0:14:11]}  Qd7 {[%clk 0:13:29]} 14. Qc2 {[%clk 0:14:11]}  Ng8 {[%clk 0:13:06]} 15. Ng2 {[%clk 0:14:11]}  d5 {[%clk 0:12:29]} 16. f4 {[%clk 0:13:40]}  dxe4 {[%clk 0:11:58]} 17. dxe4 {[%clk 0:13:33]}  exf4 {[%clk 0:11:15]} 18. Nxf4 {[%clk 0:13:20]}  e5 {[%clk 0:11:03]} 19. Nd5 {[%clk 0:12:59]}  Rxf1+ {[%clk 0:10:53]} 20. Bxf1 {[%clk 0:12:51]}  Rf8 {[%clk 0:10:14]} 21. Be3 {[%clk 0:12:27]}  Bd6 {[%clk 0:08:40]} 22. Be2 {[%clk 0:11:46]}  Nf6 {[%clk 0:08:39]} 23. Rf1 {[%clk 0:10:47]}  Kg8 {[%clk 0:07:48]} 24. Nxf6+ {[%clk 0:10:38]}  Rxf6 {[%clk 0:07:26]} 25. Rxf6 {[%clk 0:10:31]}  gxf6 {[%clk 0:07:29]} 26. Bxh6 {[%clk 0:10:18]}  Qh3 {[%clk 0:07:07]} 27. Be3 {[%clk 0:10:06]}  Ne7 {[%clk 0:05:58]} 28. Qd1 {[%clk 0:09:22]}  Qe6 {[%clk 0:05:18]} 29. Qf1 {[%clk 0:09:18]}  Bc5 {[%clk 0:04:57]} 30. Bxc5 {[%clk 0:09:15]}  bxc5 {[%clk 0:05:01]} 31. Bc4 {[%clk 0:09:17]} 1-0